|
|
|
|
| LEADER |
01746nam a2200433 a 4500 |
| 001 |
EBC614906 |
| 003 |
MiAaPQ |
| 005 |
20200520144314.0 |
| 006 |
m o d | |
| 007 |
cr cn||||||||| |
| 008 |
110503r20111987enka sb 001 0 eng d |
| 020 |
|
|
|z 9780415592499
|
| 020 |
|
|
|z 0203840445 (master e-book)
|
| 020 |
|
|
|z 0046300147
|
| 020 |
|
|
|a 9780203840443 (electronic bk.)
|
| 035 |
|
|
|a (MiAaPQ)EBC614906
|
| 035 |
|
|
|a (Au-PeEL)EBL614906
|
| 035 |
|
|
|a (CaPaEBR)ebr10462571
|
| 035 |
|
|
|a (CaONFJC)MIL310563
|
| 035 |
|
|
|a (OCoLC)726828671
|
| 040 |
|
|
|a MiAaPQ
|c MiAaPQ
|d MiAaPQ
|
| 043 |
|
|
|a d------
|
| 050 |
|
4 |
|a HD1417
|b .G74 2011
|
| 245 |
0 |
4 |
|a The Green Revolution revisted
|h [electronic resource] :
|b critique and alternatives /
|c edited by Bernhard Glaeser.
|
| 260 |
|
|
|a London :
|b Rougledge,
|c 2011.
|
| 300 |
|
|
|a xii, 159 p. :
|b ill.
|
| 490 |
0 |
|
|a Routledge library editions. Development ;
|v v. 2
|
| 500 |
|
|
|a Reprint. Originally published: London : Allen & Unwin, 1987.
|
| 504 |
|
|
|a Includes bibliographical references and index.
|
| 505 |
0 |
|
|a pt. 1. The green revolution : policy and implementation -- pt. 2. Alternative approaches in three continents -- pt. 3. Outlook.
|
| 533 |
|
|
|a Electronic reproduction. Ann Arbor, MI : ProQuest, 2015. Available via World Wide Web. Access may be limited to ProQuest affiliated libraries.
|
| 650 |
|
0 |
|a Agriculture
|x Economic aspects
|z Developing countries.
|
| 650 |
|
0 |
|a Green Revolution.
|
| 650 |
|
0 |
|a Green Revolution
|z Developing countries.
|
| 650 |
|
0 |
|a Agriculture and state.
|
| 655 |
|
4 |
|a Electronic books.
|
| 700 |
1 |
|
|a Glaeser, Bernhard.
|
| 710 |
2 |
|
|a ProQuest (Firm)
|
| 856 |
4 |
0 |
|u https://ebookcentral.proquest.com/lib/matrademy/detail.action?docID=614906
|z Click to View
|